Responses for Show #5065 - Friday, September 22, 2006

Sara Terrell game 5.

Contestants

[<< previous game]

Charlton Wilbur, a software developer from Holyoke, Massachusetts

Donna Deans, a freelance producer from New York, New York

Sara Terrell, a veterinary technician from Collinsville, Connecticut (whose 4-day cash winnings total $71,799)

[next game >>]

Jeopardy! Round responses

THE CANTERBURY TALES
MISHEARD LYRICS
EUROPEAN CUISINE
DAUGHTERS OF THE AMERICAN REVOLUTION
LAW SCHOOL
___ OF ___
    $200 2
Thomas à Becket

Triple Stumper
    $200 1
"My Country, 'Tis Of Thee"

Charlton
    $200 26
England

Donna
    $200 21
Paul Revere

Charlton
    $200 11
the Constitution

Charlton
    $200 16
(Charlton: What is The Age of Mirth?)

The Age of Innocence

DonnaCharlton
    $400 3
(Sara: What is Old English?)

Middle English

SaraCharlton
    $400 7
Wham!

Donna
    $400 27
white

Donna
    $400 22
Ethan Allen

Sara
    $400 12
contracts

Donna
    $400 17
Nation of Islam

Charlton
    $600 4
April (or March)

Charlton
    $600 8
piña coladas

Donna
    $600 28
Easter

Charlton
    $600 23
(Sara: What is Mount Vernon?)

Valley Forge

SaraCharlton
    $600 13
(Charlton: What are tracts?)

estates

SaraCharlton
    $600 18
the Board of Education

Charlton
    $800 5
host

Charlton
    $800 9
Neil Diamond

Triple Stumper
    $3,000 29
stars

Charlton
    $800 24
Patrick Henry

Triple Stumper
    $800 14
moot court

Charlton
    $800 19
the bird of paradise

Sara
    $1000 6
indulgences

Charlton
    $1000 10
"50 Ways To Leave Your Lover"

Charlton
    $1000 30
moussaka

Donna
    $1000 25
(Marquis de) Lafayette

Charlton
    $1000 15
The Columbia Law Review

Donna
    $1000 20
(Sara: What is Catherine of Aragon?)

Anne of Cleves

SaraDonna

Scores at the first commercial break (after clue 15):

Sara Donna Charlton
$200 $2,400 $4,400

Scores at the end of the Jeopardy! Round:

Sara Donna Charlton
-$200 $5,200 $10,600

Double Jeopardy! Round responses

REVISED CANTERBURY TALES
(Alex: These are stories that our writers have created, and the correct response will sound very much like one of the original Canterbury Tales.)
I'VE WON AN OSCAR & AN EMMY
NEW HAMPSHIRE
AN "A" IN SCIENCE
MUSICAL INSTRUMENTS
RHYME THAT STUFF!
(Alex: Each correct response will rhyme with the word "stuff".)
    $400 21
(Alex: [*]'s Tale.)

Christopher Reeve

Sara
    $400 11
Sally Field

Donna
    $400 26
a ship

Donna
    $400 6
aerodynamics

Charlton
    $400 1
a gong

Donna
    $400 16
Duff

Sara
    $800 22
Captain Cook

Donna
    $800 12
Helen Hunt

Sara
    $800 27
granite

Sara
    $4,000 7
amphibians

Charlton
    $800 2
clarinet

Charlton
    $800 17
a bluff

Charlton
    $1200 23
(Alex: Who is [*]? The Miller's Tale.)

Cheryl Miller

Triple Stumper
    $1200 13
Jack Lemmon

Donna
    $1200 28
pines

Charlton
    $1200 8
arteries

Sara
    $1200 3
the harp

Charlton
    $1200 18
a scruff

Donna
    $1600 24
(Ted) Knight

Donna
    $1600 14
Jack Palance

Donna
    $4,000 29
"Live free or die"

Charlton
    $1600 9
(Charlton: What is asexual?)

androgynous

Charlton
Triple Stumper
    $1600 4
a violin

Donna
    $1600 19
rebuff

Donna
    $2000 25
(Charlton: Who is the Wife of Bath?)

The Wife of Bathgate

DonnaCharlton
    $2000 15
Jack Albertson

Donna
    $2000 30
(Charlton: What is a funicular?)

a cog railway

SaraCharlton
    $2000 10
alveoli

Donna
    $2000 5
the piano

Sara
    $2000 20
the slough

Triple Stumper

Scores at the end of the Double Jeopardy! Round:

Sara Donna Charlton
$7,400 $22,000 $17,400

[wagering suggestions for these scores]

Final Jeopardy! Round responses

FAMOUS NAMES
SaraWho is Frank Lloyd Wrig[arrow h]t?
$0
CharltonWho was Frank Lloyd Wright?
$2,599
DonnaWho is F. Lloyd Wright?
$4,601
Frank Lloyd Wright

Final scores:

Sara Donna Charlton
$7,400 $26,601 $19,999
3rd place: $1,000 New champion: $26,601 2nd place: $2,000

Game dynamics:

Coryat scores:

Sara Donna Charlton
$7,400 $22,000 $9,600
10 R,
3 W
22 R,
0 W
22 R
(including 3 DDs),
5 W

Combined Coryat: $39,000

[game clues] [game scores] [suggest correction]

Game tape date: 2006-08-03
The J! Archive is created by fans, for fans. Scraping, republication, monetization, and malicious use prohibited; this site may use cookies and collect identifying information. See terms. The Jeopardy! game show and all elements thereof, including but not limited to copyright and trademark thereto, are the property of Jeopardy Productions, Inc. and are protected under law. This website is not affiliated with, sponsored by, or operated by Jeopardy Productions, Inc. Join the discussion at JBoard.tv.